Estudio sobre la "Hojarasca" de Gabriel García Marquez

Guardat en:
Dades bibliogràfiques
Autor principal: Orozco Saborío, Norma
Format: Llibre
Idioma:Undetermined
Publicat: San José, Costa Rica Escuela de Filología, Literatura y Lingüística,Universidad de Costa Rica 1976
Matèries:
Etiquetes: Afegir etiqueta
Sense etiquetes, Sigues el primer a etiquetar aquest registre!

MARC

LEADER 00000nam a2200000Ia 4500
008 170316s9999 xx 000 0 und d
040 |a cru BVZT 
090 |a TESIS 107 
100 |a Orozco Saborío, Norma 
245 |a Estudio sobre la "Hojarasca" de Gabriel García Marquez 
260 |a San José, Costa Rica 
260 |b Escuela de Filología, Literatura y Lingüística,Universidad de Costa Rica 
260 |c 1976 
300 |a 69 páginas 
650 |a LICENCIATURA EN FILOLOGÍA ESPAÑOLA 
650 |a TRABAJO FINAL DE GRADUACIÓN 
999 |c 13708  |d 13708 
942 |c 15 D  |h TESIS 107  |2 z